Nghề nuôi ngỗng cao sản

Đã lưu trong:
书目详细资料
主要作者: N V Lobin
格式: 图书
语言:Undetermined
出版: Hà nội Nông Nghiệp 1982
主题:
标签: 添加标签
没有标签, 成为第一个标记此记录!
Thư viện lưu trữ: Trung tâm Học liệu Trường Đại học Cần Thơ
LEADER 00605nam a2200181Ia 4500
001 CTU_14277
008 210402s9999 xx 000 0 und d
082 |a 636.598 
082 |b L796 
100 |a N V Lobin 
245 0 |a Nghề nuôi ngỗng cao sản 
245 0 |c P F Saleev, N V Lobin; Dịch giả: Nguyễn Như Khanh 
260 |a Hà nội 
260 |b Nông Nghiệp 
260 |c 1982 
650 |a geese,poultry industry 
904 |i Minh, Mai sửa mã hóa tác giả từ L797 thành L796 chưa in nhãn 
980 |a Trung tâm Học liệu Trường Đại học Cần Thơ